000
00276nam a2200109Ia 4500
008
200302s9999 xx 000 0 und d
100
_a
Karen A.Vagts
245
_a
Managing Autocad In The Design Firm
260
_b
Addison-Wesley Publishing Co
260
_c
1996
300
_a
490 P
999
_c
4759
_d
4759